[Event "Steyr Landesliga 1213"]
[Site "Austria"]
[Date "2012.10.13"]
[Round "2.5"]
[White "Janisch, Robert"]
[Black "Gross, Michael"]
[Result "1/2-1/2"]
[WhiteElo "2114"]
[BlackElo "2134"]
[PlyCount "53"]
[EventDate "2012.09.22"]
[EventType "team-tourn"]
[EventRounds "11"]
[EventCountry "AUT"]
[SourceTitle "EXT 2014"]
[Source "ChessBase"]
[SourceDate "2013.11.20"]
[SourceVersion "1"]
[SourceVersionDate "2013.11.20"]
[SourceQuality "1"]
[WhiteTeam "Hartberg"]
[BlackTeam "Graz Post"]
[WhiteTeamCountry "AUT"]
[BlackTeamCountry "AUT"]

1. g3 d5 2. Nf3 c6 3. Bg2 Bf5 4. 0-0 Nf6 5. d3 h6 6. c4 e6 7. Qb3 Qb6 8. Be3 Qxb3 9. axb3 a6 10. c5 Nbd7 11. d4 Be7 12. h3 0-0 13. Nbd2 Ne4 14. b4 Nxd2 15. Bxd2 Be4 16. Bc3 Bf6 17. Rfe1 Rfe8 18. Ne5 Nxe5 19. dxe5 Be7 20. Bxe4 dxe4 21. Rad1 Rad8 22. f4 exf3 23. e4 Kh7 24. Kf2 Rxd1 25. Rxd1 Rd8 26. Rxd8 Bxd8 27. Kxf3 1/2-1/2

[Event "Oberwart op"]
[Site "Oberwart"]
[Date "2010.07.18"]
[Round "9"]
[White "Wallner, Joachim"]
[Black "Gross, Michael"]
[Result "1-0"]
[WhiteElo "2269"]
[BlackElo "2124"]
[PlyCount "43"]
[EventDate "2010.07.10"]
[EventType "swiss"]
[EventRounds "9"]
[EventCountry "AUT"]
[SourceTitle "CBM 137 Extra"]
[Source "ChessBase"]
[SourceDate "2010.09.01"]
[SourceVersion "1"]
[SourceVersionDate "2010.09.01"]
[SourceQuality "1"]

1. e4 e6 2. d4 d5 3. Nd2 Nf6 4. e5 Nfd7 5. c3 c5 6. f4 Nc6 7. Ndf3 cxd4 8. cxd4 f5 9. Bd3 Nb6 10. Ne2 Be7 11. 0-0 0-0 12. Kh1 Kh8 13. Rg1 Bd7 14. g4 g6 15. a3 a5 16. Qf1 a4 17. Qh3 Na5 18. gxf5 gxf5 19. Ng5 Bxg5 20. fxg5 Rg8 21. g6 Rg7 22. Bg5 1-0

[Event "Oberwart op"]
[Site "Oberwart"]
[Date "2010.07.17"]
[Round "8"]
[White "Gross, Michael"]
[Black "Enne, Harald"]
[Result "1-0"]
[WhiteElo "2124"]
[BlackElo "1973"]
[PlyCount "67"]
[EventDate "2010.07.10"]
[EventType "swiss"]
[EventRounds "9"]
[EventCountry "AUT"]
[SourceTitle "CBM 137 Extra"]
[Source "ChessBase"]
[SourceDate "2010.09.01"]
[SourceVersion "1"]
[SourceVersionDate "2010.09.01"]
[SourceQuality "1"]

1. d4 Nf6 2. Bf4 d6 3. Nf3 g6 4. e3 Bg7 5. Be2 0-0 6. 0-0 b6 7. h3 Bb7 8. Bh2 Nbd7 9. a4 a6 10. Nbd2 e6 11. c3 Qe7 12. b4 e5 13. Qb3 e4 14. Ne1 Rac8 15. Nc2 h5 16. c4 c5 17. bxc5 dxc5 18. a5 cxd4 19. exd4 Bh6 20. Ne3 Rfd8 21. Rfd1 Rc6 22. Rac1 Bf8 23. d5 Nc5 24. Qa3 Rcc8 25. axb6 Qd7 26. Qb2 Ne8 27. Nb3 Na4 28. Qa1 Bg7 29. Be5 f6 30. Bd4 Qd6 31. Qxa4 f5 32. c5 Qf4 33. c6 Bxd4 34. Nxd4 1-0

[Event "Oberwart op"]
[Site "Oberwart"]
[Date "2010.07.16"]
[Round "7"]
[White "Huber, Martin Christian"]
[Black "Gross, Michael"]
[Result "1/2-1/2"]
[WhiteElo "1951"]
[BlackElo "2124"]
[PlyCount "53"]
[EventDate "2010.07.10"]
[EventType "swiss"]
[EventRounds "9"]
[EventCountry "AUT"]
[SourceTitle "CBM 137 Extra"]
[Source "ChessBase"]
[SourceDate "2010.09.01"]
[SourceVersion "1"]
[SourceVersionDate "2010.09.01"]
[SourceQuality "1"]

1. d4 b6 2. e4 Bb7 3. Bd3 g6 4. Nf3 Bg7 5. 0-0 d6 6. Qe2 e6 7. c3 Ne7 8. Re1 a6 9. Nbd2 Nd7 10. b3 h6 11. Bb2 Qb8 12. Rad1 Qa7 13. Nf1 Rd8 14. Ng3 Qa8 15. Nd2 0-0 16. b4 d5 17. e5 c5 18. bxc5 bxc5 19. Ba3 Rfe8 20. Bb1 a5 21. Nb3 cxd4 22. cxd4 Nc6 23. f4 Nb4 24. Qb5 Nc6 25. Qe2 Nb4 26. Qb5 Nc6 27. Qe2 1/2-1/2

[Event "Oberwart op"]
[Site "Oberwart"]
[Date "2010.07.14"]
[Round "5"]
[White "Gergacz, Attila"]
[Black "Gross, Michael"]
[Result "1-0"]
[WhiteElo "2429"]
[BlackElo "2124"]
[PlyCount "39"]
[EventDate "2010.07.10"]
[EventType "swiss"]
[EventRounds "9"]
[EventCountry "AUT"]
[SourceTitle "CBM 137 Extra"]
[Source "ChessBase"]
[SourceDate "2010.09.01"]
[SourceVersion "1"]
[SourceVersionDate "2010.09.01"]
[SourceQuality "1"]

1. e4 b6 2. d3 Bb7 3. Nc3 e6 4. g3 d5 5. Bg2 Nf6 6. e5 Nfd7 7. f4 Nc6 8. Nf3 f6 9. exf6 Qxf6 10. d4 Ba6 11. Kf2 Bd6 12. Re1 0-0 13. Kg1 Rae8 14. Be3 Ne7 15. Bf2 c5 16. Ng5 e5 17. Nxd5 Nxd5 18. Bxd5+ Kh8 19. Qh5 h6 20. Nf7+ 1-0

[Event "Oberwart op"]
[Site "Oberwart"]
[Date "2010.07.11"]
[Round "2"]
[White "Gross, Michael"]
[Black "Mahdy, Khaled"]
[Result "0-1"]
[WhiteElo "2124"]
[BlackElo "2395"]
[PlyCount "64"]
[EventDate "2010.07.10"]
[EventType "swiss"]
[EventRounds "9"]
[EventCountry "AUT"]
[SourceTitle "CBM 137 Extra"]
[Source "ChessBase"]
[SourceDate "2010.09.01"]
[SourceVersion "1"]
[SourceVersionDate "2010.09.01"]
[SourceQuality "1"]

1. d4 g6 2. e4 Bg7 3. Nc3 c6 4. Be3 d5 5. Qd2 dxe4 6. Nxe4 Nd7 7. Nf3 Ngf6 8. Ng3 Qb6 9. 0-0-0 Ng4 10. Bc4 0-0 11. h4 Nxe3 12. Qxe3 e5 13. h5 exd4 14. Nxd4 Ne5 15. Bb3 c5 16. hxg6 cxd4 17. gxf7+ Nxf7 18. Qe4 Qg6 19. Rh4 Bf6 20. Rh2 Bd7 21. Qxg6+ hxg6 22. Ne4 Kg7 23. Nxf6 Kxf6 24. Rxd4 Be6 25. c4 Rh8 26. Rxh8 Rxh8 27. Kd2 Rh2 28. Rf4+ Ke5 29. g3 b6 30. Ke3 Nd6 31. Kf3 Bf5 32. g4 Rh3+ 0-1

[Event "Graz op-A 16th"]
[Site "Graz"]
[Date "2009.09.05"]
[Round "8"]
[White "Bozinovic, Boban"]
[Black "Gross, Michael"]
[Result "0-1"]
[WhiteElo "2114"]
[BlackElo "2069"]
[PlyCount "140"]
[EventDate "2009.08.29"]
[EventType "swiss"]
[EventRounds "9"]
[EventCountry "AUT"]
[SourceTitle "CBM 132 Extra"]
[Source "ChessBase"]
[SourceDate "2009.11.03"]
[SourceVersion "1"]
[SourceVersionDate "2009.11.03"]
[SourceQuality "1"]

1. e4 e6 2. d4 d5 3. Nc3 Nf6 4. Bg5 Bb4 5. e5 h6 6. Bd2 Bxc3 7. Bxc3 Ne4 8. Bd2 Nxd2 9. Qxd2 b6 10. f4 Qd7 11. Nf3 c5 12. dxc5 bxc5 13. Qa5 Qe7 14. 0-0-0 0-0 15. Qa3 Nc6 16. h4 Rb8 17. h5 Qb7 18. Rd2 Qb4 19. Qxb4 Rxb4 20. g3 Bd7 21. c3 Rb6 22. Bh3 Ne7 23. b3 a5 24. Rhh2 Rfb8 25. Rb2 Bc8 26. Rhf2 Ba6 27. Rfd2 Kf8 28. Nh4 Nc6 29. g4 Ke7 30. Nf3 Bc8 31. f5 f6 32. exf6+ Kxf6 33. fxe6 Bxe6 34. Rf2 Ke7 35. Rbe2 Kd6 36. Re3 a4 37. Rfe2 Bd7 38. Nd2 axb3 39. axb3 Ra6 40. Kb2 Rba8 41. Nb1 Ra2+ 42. Kc1 Rxe2 43. Rxe2 Ne5 44. Rd2 Rf8 45. Bg2 Bc6 46. Bxd5 Bxd5 47. c4 Nxg4 48. Rxd5+ Kc6 49. Nc3 Rf1+ 50. Kb2 Nf6 51. Re5 Kd6 52. Re2 Rf5 53. Nb5+ Kd7 54. Rd2+ Ke7 55. Re2+ Kf8 56. Nc7 Rxh5 57. Ka3 Rf5 58. Ka4 h5 59. b4 cxb4 60. Kxb4 g5 61. c5 g4 62. c6 g3 63. Ne6+ Kf7 64. Nd4 Rg5 65. Nf3 Rg8 66. Kc5 g2 67. Ng1 Ne8 68. Rd2 Ke6 69. Kb6 Kf5 70. Rd4 Rg6 0-1

[Event "Graz op-A 16th"]
[Site "Graz"]
[Date "2009.09.01"]
[Round "4"]
[White "Gross, Michael"]
[Black "Mihevc Mohr, Narcisa"]
[Result "0-1"]
[WhiteElo "2069"]
[BlackElo "2132"]
[PlyCount "51"]
[EventDate "2009.08.29"]
[EventType "swiss"]
[EventRounds "9"]
[EventCountry "AUT"]
[SourceTitle "CBM 132 Extra"]
[Source "ChessBase"]
[SourceDate "2009.11.03"]
[SourceVersion "1"]
[SourceVersionDate "2009.11.03"]
[SourceQuality "1"]

1. Nf3 Nf6 2. g3 g6 3. Bg2 Bg7 4. 0-0 d6 5. c4 e5 6. Nc3 Nc6 7. d3 0-0 8. Rb1 a5 9. a3 Nh5 10. b4 axb4 11. axb4 h6 12. b5 Ne7 13. Bb2 f5 14. Nd2 f4 15. Ra1 Rb8 16. Qb3 Kh7 17. Ra7 Nf5 18. Qa2 Nd4 19. Nb3 f3 20. exf3 Nxf3+ 21. Kh1 Be6 22. Qb1 Qc8 23. Qc1 Bh3 24. Nd2 Bxg2+ 25. Kxg2 Qg4 26. Ne2 0-1

[Event "Graz op-A"]
[Site "Graz"]
[Date "2008.08.30"]
[Round "1"]
[White "Gross, Michael"]
[Black "Pachta, Paul"]
[Result "0-1"]
[WhiteElo "2083"]
[BlackElo "2312"]
[PlyCount "96"]
[EventDate "2008.08.30"]
[EventType "swiss"]
[EventRounds "9"]
[EventCountry "AUT"]
[SourceTitle "CBM 126 Extra"]
[Source "ChessBase"]
[SourceDate "2008.11.05"]
[SourceVersion "1"]
[SourceVersionDate "2008.11.05"]
[SourceQuality "1"]

1. d4 Nf6 2. Bf4 e6 3. e3 b6 4. Nf3 Bb7 5. Nbd2 Be7 6. h3 c5 7. Bd3 d5 8. c3 Nbd7 9. Qb1 0-0 10. 0-0 h6 11. b4 Qc8 12. Rc1 Nh5 13. Bh2 c4 14. Bc2 f5 15. Ne5 Nxe5 16. Bxe5 Nf6 17. Bxf6 Bxf6 18. f4 Bc6 19. a4 Qe8 20. Nf3 a5 21. b5 Bd7 22. Rf1 Qd8 23. Ne5 Bxe5 24. fxe5 Be8 25. Bd1 Qg5 26. Qc1 Bh5 27. Bxh5 Qxh5 28. Qa3 Rad8 29. Rf3 Rf7 30. Raf1 Rdd7 31. Qc1 g5 32. Qd1 Qh4 33. Qe1 Qe4 34. Qe2 Qd3 35. Qxd3 cxd3 36. Rd1 Rc7 37. Rxd3 Rc4 38. Rf1 Rxa4 39. Rc1 Rc7 40. Kf2 Ra2+ 41. Kf3 Rc4 42. g4 Rb2 43. h4 a4 44. hxg5 hxg5 45. Rdd1 a3 46. Rg1 f4 47. exf4 a2 48. f5 a1Q 0-1

[Event "Steiermark-ch"]
[Site "Hartberg"]
[Date "2008.08.21"]
[Round "1.7"]
[White "Pfaffel, Thomas"]
[Black "Gross, Michael"]
[Result "1/2-1/2"]
[WhiteElo "2144"]
[BlackElo "2083"]
[PlyCount "54"]
[EventDate "2008.08.21"]
[EventType "swiss"]
[EventRounds "8"]
[EventCountry "AUT"]
[SourceTitle "EXT 2024"]
[Source "ChessBase"]
[SourceDate "2023.10.10"]
[SourceVersion "1"]
[SourceVersionDate "2023.10.10"]
[SourceQuality "1"]

1. e4 b6 2. d4 Bb7 3. Bd3 Nf6 4. Qe2 Nc6 5. c3 e5 6. d5 Ne7 7. Be3 Ng6 8. g3 c6 9. dxc6 dxc6 10. Nd2 Qd7 11. f3 Rd8 12. Bc2 Bd6 13. 0-0-0 Qe7 14. h4 Nh5 15. Qf2 Ba6 16. Bg5 Nf6 17. h5 Nf8 18. Be3 Ne6 19. Rh4 Bc5 20. Nb3 Bxe3+ 21. Qxe3 0-0 22. Rxd8 Rxd8 23. Nh3 c5 24. Nf2 c4 25. Nd2 Nc5 26. Ng4 Nd3+ 27. Bxd3 Nxg4 1/2-1/2